书目信息 |
| 题名: |
天一阁藏明代方志选刊
|
|
| 作者: | ||
| 分册: | 一二 嘉靖惟扬志(江苏省) | |
| 出版信息: |
|
|
| 页数: | 1册 | |
| 开本: | 19cm | |
| 丛书名: | ||
| 单 册: | ||
| 中图分类: | K290.48 | |
| 科图分类: | ||
| 主题词: | 中国--地方史 , 中国--地方志 | |
| 电子资源: | ||
| ISBN: | ||
| 000 | 00718nam0 2200241 45 961 | |
| 001 | 0191008565 | |
| 005 | 20060915090823.60 | |
| 010 | @b精装@dCNY16.50 | |
| 100 | @a19950215d y0chiy0121 ea | |
| 101 | 0 | @achi |
| 105 | @ay 000yy | |
| 106 | @ar | |
| 200 | 10 | @a天一阁藏明代方志选刊@Atian yi ge cang ming dai fang zhi xuan kan@h一二@i嘉靖惟扬志(江苏省) |
| 205 | @b影印本 | |
| 210 | @e上海@g上海古籍书店@h1981重印 | |
| 215 | @a1册@d19cm | |
| 305 | @a1963年9月上海古籍书店据宁波天一阁藏明嘉靖刻本影印 | |
| 517 | 1 | @a嘉靖惟扬志(江苏省)@Ajia jing wei yang zhi(jiang su sheng) |
| 606 | 0 | @a中国@x地方史 |
| 606 | 0 | @a中国@x地方志 |
| 690 | @aK290.48@v3 | |
| 801 | 0 | @c20060915 |
| 905 | @a10447@dK290.48@e8:12 | |
| 天一阁藏明代方志选刊.一二.嘉靖惟扬志(江苏省).-影印本.-(上海:上海古籍书店,1981重印) |
| 1册;19cm |
| ISBN (精装):CNY16.50 |
| ● |
| 相关链接 |
|
|
|
|
正题名:天一阁藏明代方志选刊
索取号:K290.48/8:12
 
预约/预借
| 序号 | 登录号 | 条形码 | 馆藏地/架位号 | 状态 | 备注 |
| 1 | 0087044 | 000814756 | 古籍典藏专区/ [索取号:K290.48/8:12] | 在馆 |